AH International Schools' Libraries

Noah's Ark / (Record no. 49276)

MARC details
000 -LEADER
fixed length control field 00399nam a2200121 4500
020 ## - INTERNATIONAL STANDARD BOOK NUMBER
International Standard Book Number 9780744599725
100 ## - MAIN ENTRY--PERSONAL NAME
Personal name Cousins, Lucy,
Relator term author.
9 (RLIN) 55447
245 ## - TITLE STATEMENT
Title Noah's Ark /
Remainder of title retold and illustrated by Lucy Cousins.
260 ## - PUBLICATION, DISTRIBUTION, ETC. (IMPRINT)
Place of publication, distribution, etc London, England:
Name of publisher, distributor, etc Walker Childrens Paperbacks;
Date of publication, distribution, etc January 1, 2006.
300 ## - PHYSICAL DESCRIPTION
Extent 40 pages.
Dimensions 9.84 x 0.28 x 9.06 inches.
650 ## - SUBJECT ADDED ENTRY--TOPICAL TERM
9 (RLIN) 71934
Form subdivision Bible Story
942 ## - ADDED ENTRY ELEMENTS (KOHA)
Source of classification or shelving scheme
Koha item type Book
Holdings
Withdrawn status Lost status Source of classification or shelving scheme Damaged status Not for loan Home library Current library Date acquired Total Checkouts Full call number Barcode Date last seen Date checked out Price effective from Koha item type Public note
          Logos International School Logos International School 08/13/2025 2 E COU 042844 01/14/2026 12/12/2025 08/13/2025 Book J-Bible Story

For any Logos Library related questions please contact Miss Art at swongnarasuk@asianhope.org.

For any Asian Hope Library related questions please contact Miss Raza at graza@asianhope.org.

Click here to explore our ebooks!

Powered by Koha